00775nam a22002057a 4500010001300000020002000013035001300033037001800046040001200064082001700076100001600093245009100109260005100200270005300251300004600304505014200350650003500492650002500527700001700552 aB-121615 a8176295876(Set) aB-121615 bCen Lib / Ret aDPLbEN a378.003bGOY aGoel, Aruna aEncyclopaedia of higher education in the 21st century /cby Aruna Goel and S. L. Goel  aDelhibDeep and Deep Publication Pvt Ltdc2005 aWZ Plot no. 3, Gujjar Market bNew Delhie110018 a3 v. (v 2. xxxi, 542p ; v 3. 547p.)b24cm a3 v. ; v 1. Organisations, administration and function (not available) ; v 2. Quality and excellence ; v 3. Extension education services  aEducation, Higher --Dictionary aEducation -- Higher. a Goel, S. L.